Pays par une seule indice #11 - Statistiques

Statistiques générales
  • Ce quiz a été pris 197 fois
  • Le résultat moyen est 10 sur 20
Statistiques - réponses
indice pays % Correct
Est-ce que les villes de Gand et Anvers Belgique
93%
A la plus grande économie en Europe Allemagne
79%
Transylvanie fait partie de ce pays Roumanie
79%
Prévu pour accueillir la Coupe du Monde en 2022, malgré l'opposition internationale Qatar
76%
Le plus grand pays d'Afrique jusqu'en 2011 Soudan
67%
Emplacement du lac de Garde et du lac de Côme Italie
66%
Pays où Oussama bin Laden a été tué en 2011 Pakistan
51%
Le pays le plus proche en Australie, géographiquement Papouasie-Nouvelle- Guinée
51%
Pays dont la Russie loue son base de lancement, le Cosmodrome de Baïkonour Kazakhstan
49%
Contrôlée près de 25% de la superficie terrestre mondiale en 1920 Royaume-Uni
49%
En 2011, une femme a été condamnée à 10 coups de canne pour le crime de conduite. (La décision a été annulée par le Roi) Arabie Saoudite
45%
Hamlet était un prince (fictif) de ce pays Danemark
44%
Sa plus grande île est l'île de Baffin Canada
40%
Son chef était l'empereur Haile Selassie 1930-1936 et 1941-1974 Éthiopie
39%
Accueil des villes de Chiang Mai et Chiang Rai Thaïlande
33%
A eu dix jours dans une semaine de 1793 à 1805 France
31%
L'ancienne première dame Imelda Marcos avait des milliers de paires de chaussures Philippines
25%
Sa capitale commence par B et sa plus grande ville commence par Z Suisse
25%
Emplacement du film « La Mélodie du bonheur » Autriche
23%
Le seul pays à être expulsé des Nations Unies, en 1971 Taïwan
6%
Aucun quiz correspondant
Distribution des résultats
% des personnes avec chaque résultat
Percentile par nombre de réponses
Votre historique - résultats
Vous n’avez pas pris ce quiz